| 000 | 01312nam a2200241 a 4500 | ||
|---|---|---|---|
| 001 | BRCA_9026 | ||
| 005 | 20190320210510.0 | ||
| 008 | 250717s1704----be-#######---#000-0#spa-# | ||
| 041 | _aspa | ||
| 044 | _abe | ||
| 084 |
_aLM38 _b.C37 1704 |
||
| 100 | 1 |
_aCastillo de Bovadilla, Jerónimo _922380 |
|
| 245 | 1 | 0 |
_aPolítica para corregidores, y señores de vasallos, en tiempo de paz, y de guerra _by para juezes eclesiásticos y seglares, y de Sacas, Aduanas, y de Residencias, y sus Oficiales: y para Regidores, y Abogados, y del valor de los Corregimientos, y Goviernos Realengos, y de las Ordenes: tomo segundo _cautor el Licenciado Castillo de Bovadilla... |
| 260 |
_aAmberes _bEn casa de Iuan Bautista Verdussen, impresor y mercader de libros _c1704 |
||
| 300 |
_a649 p. (t.2) _c35.3 x 23.7 cm |
||
| 500 | _aCon Gracia y Privilegio | ||
| 500 | _aEn portada: Esta añadida, y enmendada por el Autor, y los Índices mejorados | ||
| 500 | _aEn portada: Y en esta ultima impression diligentemente corregida de muchas faltas que avian en las otras impressiones, y expurgada según el expurgatorio del año 1640 | ||
| 500 | _aEstado físico: presenta encuadernación en piel deteriorada y cantos en color dorado | ||
| 650 | 1 | 4 |
_aÉtica política _ySiglo XVII _zEspaña _922381 |
| 902 | _aCFM | ||
| 942 |
_2lcc _cB |
||
| 999 |
_c8677 _d8677 |
||